LEADER 00912nam a2200205 i 4500 001 000000158493 003 CaOOAMICUS 005 20110303000000.0 008 110303n it u000 u fre u 013 $a135856 040 $aSeMil$bita 245 10$aDépot de lois et actes du governement :$bavant & depuis 1789 : pubblications officielles, documents parlementaires. 260 $aParis :$bchez Muzard & Ebin,$c[1890] 300 $a1 v. (varie sequenze) ;$c22 cm. 710 0 $aFrancia.$0(OLS)http://semarc/name/15089 773 0 $t[Miscellanea.$w()24483 850 $aSeMil 852 $aSeMil$W1$xVenegono$y1$m5B I 7/6 FA$j110144$B110144$CSeMilBibl$Z2$F119786 $8I 996 $6245$aDépot de lois et actes du governement :$bavant & depuis 1789 : pubblications officielles, documents parlementaires$9(OLS)http://semarc/title/140012 996 $6260$aParis :$bchez Muzard & Ebin$9(OLS)http://semarc/publisher/44081 LEADER 01117nam a2200265 4500 001 000000355436 003 CaOOAMICUS 005 20231109154832.0 008 230922s2022 it a 000 u ita r 020 $a978-88-97455-52-3 040 $aSeMil$bita 245 00$aUomini nonostante tutto :$btestimonianze da Memorial. 264 1$aSeriate :$bLa Casa di Matriona,$c2022. 300 $a160 p. :$bill. ;$c24 cm 541 0 $aOmaggio mons. Mario Delpini (3V IV 270) 650 4$aCampi di concentramento - Unione Sovietica.$0(OLS)http://semarc/subject/27793 650 4$aPersecuzioni razziali - Unione Sovietica.$0(OLS)http://semarc/subject/29322 850 $aSeMil 852 $aSeMil$W1$xVenegono$y1$m3V IV 270$j244398$B246702$CSeMilBibl$Z2$F246702 $81 941 1 $a7 961 $aOmaggio mons. Mario Delpini 996 $6020$a978-88-97455-52-3$9(OLS)http://semarc/number/298910 996 $6245$aUomini nonostante tutto :$btestimonianze da Memorial$9(OLS)http://semarc/title/445628 996 $6264$aSeriate :$bLa Casa di Matriona$9(OLS)http://semarc/publisher/57587